| 000 | 00359 a2200157 4500 | ||
|---|---|---|---|
| 999 |
_c12933 _d12933 |
||
| 003 | OSt | ||
| 005 | 20240802152602.0 | ||
| 008 | 240802b ||||| |||| 00| 0 eng d | ||
| 020 | _a 9781919627717 | ||
| 082 | _a741 | ||
| 100 | _a Rick Poynor | ||
| 245 | _aWhy Graphic Culture Matters | ||
| 260 |
_bOccasional Papers _c2023 |
||
| 300 | _a316p; | ||
| 942 | _2ddc | ||